Porovnanie tlakových strát pre vybrané prírodné chladivá
Salvato in:
| Autore principale: | |
|---|---|
| Altri autori: | |
| Natura: | Manoscritto Libro |
| Lingua: | slovacco |
| Pubblicazione: |
Bratislava :
STU v Bratislave SjF,
2013
|
| Soggetti: | |
| Accesso online: | VAIS |
| Tags: |
Nessun Tag, puoi essere il primo ad aggiungerne!!
|
MARC
| LEADER | 00000ntm a22000003a 4500 | ||
|---|---|---|---|
| 001 | stu287321 | ||
| 005 | 20150617230254.0 | ||
| 008 | 140326s2013----xo------------------slo-d | ||
| 040 | |a STU |b slo | ||
| 041 | 0 | |a slo | |
| 044 | |a xo | ||
| 100 | 1 | |a Stasová, Laura, |d 1991- |4 aut |u J |T SjF Strojnícka fakulta |X 44364 |U J |Y 20 |7 A000044364 | |
| 242 | 0 | 0 | |a Comparison of pressure losses of chosen natural refrigerants |y eng |
| 245 | 1 | |a Porovnanie tlakových strát pre vybrané prírodné chladivá | |
| 260 | |a Bratislava : |b STU v Bratislave SjF, |c 2013 | ||
| 650 | 7 | |a energetické strojárstvo |2 stusub | |
| 650 | 7 | |a Power Engineering |2 estusub | |
| 650 | 7 | |a pressure losses |2 estusub | |
| 650 | 7 | |a cooling |2 estusub | |
| 650 | 7 | |a tlakové straty |2 stusub | |
| 650 | 7 | |a chladenie |2 stusub | |
| 700 | 1 | |a Šustek, Jaroslav, |d 1986- |4 ths |u J0060 |U SjF Strojnícka fakulta |T SjF Ústav tepelnej energetiky |X 41391 |U J0060 |Y 805 |7 A000041391 | |
| 856 | 4 | |a info a plný text |u http://is.stuba.sk/zp/portal_zp.pl?podrobnosti=83968 |3 VAIS | |